[Event "European Team-ch 2007 Femenino"]
[Site "Creta GRE"]
[Date "2007.11.06"]
[Round "9.11"]
[White "Daulyte, Deimante"]
[Black "Vojinovic, Jovana"]
[Result "1-0"]
[WhiteElo "2222"]
[BlackElo "2227"]
[PlyCount "89"]
[EventDate "2007.10.28"]
[EventType "team"]
[EventRounds "9"]
[EventCountry "GRE"]
[Source "lmi"]
[SourceDate "2007.10.28"]
[WhiteTeam "Lithuania"]
[BlackTeam "MNE"]
[WhiteTeamCountry "LTU"]

1. e4 e6 2. d4 d5 3. e5 c5 4. c3 Qb6 5. Nf3 Nc6 6. a3 Bd7 7. b4 cxd4 8. cxd4
Rc8 9. Bb2 Nh6 10. Be2 Nf5 11. O-O Be7 12. Qd2 a6 13. Rd1 Na7 14. Nc3 O-O 15.
Bd3 Bc6 16. Bxf5 exf5 17. Qf4 g6 18. Qh6 Qd8 19. h4 f6 20. Ne2 Rf7 21. Qd2 Bf8
22. h5 Rfc7 23. Rac1 Be8 24. Rxc7 Rxc7 25. Nf4 Rc6 26. hxg6 hxg6 27. Re1 Nb5
28. exf6 Nc7 29. f7+ Bxf7 30. Ne5 Rd6 31. Nfd3 Be8 32. Nc5 Rb6 33. a4 Qh4 34.
Bc1 Qh7 35. b5 axb5 36. a5 Rf6 37. Nxb7 Na6 38. Nc5 Qc7 39. Ncd3 Bf7 40. Qg5
Bg7 41. Bd2 Qa7 42. Bc1 Re6 43. Nf4 Re8 44. Nfxg6 b4 45. Nc6 1-0

[Event "European Team-ch 2007 Femenino"]
[Site "Creta GRE"]
[Date "2007.11.06"]
[Round "9.11"]
[White "Mijovic, Aleksandra"]
[Black "Zaksaite, Salomeja"]
[Result "1-0"]
[WhiteElo "2198"]
[BlackElo "2228"]
[PlyCount "125"]
[EventDate "2007.10.28"]
[EventType "team"]
[EventRounds "9"]
[EventCountry "GRE"]
[Source "lmi"]
[SourceDate "2007.10.28"]
[WhiteTeam "MNE"]
[BlackTeam "Lithuania"]
[BlackTeamCountry "LTU"]

1. e4 c5 2. Nf3 e6 3. d4 cxd4 4. Nxd4 Nf6 5. Nc3 Nc6 6. Ndb5 d6 7. Bf4 e5 8.
Bg5 a6 9. Na3 b5 10. Nd5 Be7 11. Bxf6 Bxf6 12. c3 g6 13. Nc2 Bg5 14. a4 bxa4
15. Rxa4 O-O 16. Bc4 Na5 17. h4 Bh6 18. Ba2 Bg7 19. h5 Bd7 20. Ra3 Nc6 21. Nce3
Be6 22. hxg6 hxg6 23. Qf3 a5 24. Ng4 f5 25. exf5 Qg5 26. Ne7+ Qxe7 27. Bxe6+
Qxe6 28. fxe6 Rxf3 29. gxf3 Re8 30. Ke2 Rxe6 31. Rd1 Bf8 32. Raa1 Kf7 33. Ne3
Re8 34. Nc4 Rb8 35. Nxd6+ Bxd6 36. Rxd6 Rxb2+ 37. Kd3 Ne7 38. Rxa5 Rxf2 39.
Rxe5 Nf5 40. Ra6 Rxf3+ 41. Kc4 g5 42. Rb5 g4 43. Rb7+ Ne7 44. Rh6 Re3 45. Kd4
Re1 46. Rh4 g3 47. Re4 Rd1+ 48. Kc5 g2 49. Rbxe7+ Kf6 50. R4e6+ Kf5 51. Re1
g1=Q+ 52. Rxg1 Rxg1 53. c4 Kf6 54. Re2 Rb1 55. Kd6 Rd1+ 56. Kc7 Rd4 57. c5 Rc4
58. c6 Rc3 59. Kd7 Rd3+ 60. Kc8 Rc3 61. c7 Kf7 62. Rb2 Ke7 63. Kb8 1-0

[Event "European Team-ch 2007 Femenino"]
[Site "Creta GRE"]
[Date "2007.11.06"]
[Round "9.11"]
[White "Batyte, Daiva"]
[Black "Misovic, Sanja"]
[Result "1-0"]
[WhiteElo "2198"]
[BlackElo "1876"]
[PlyCount "79"]
[EventDate "2007.10.28"]
[EventType "team"]
[EventRounds "9"]
[EventCountry "GRE"]
[Source "lmi"]
[SourceDate "2007.10.28"]
[WhiteTeam "Lithuania"]
[BlackTeam "MNE"]
[WhiteTeamCountry "LTU"]

1. c4 Nf6 2. Nc3 e6 3. g3 c5 4. Bg2 Nc6 5. Nf3 Be7 6. O-O b6 7. d4 cxd4 8. Nxd4
Bb7 9. b3 a6 10. Bb2 Qc7 11. e4 O-O 12. Rc1 Bc5 13. Nxc6 Bxc6 14. Kh1 Qb7 15.
f3 Ne8 16. Ne2 f5 17. e5 g5 18. Nd4 Bxd4 19. Bxd4 g4 20. Kg1 Ng7 21. Rc2 gxf3
22. Bxf3 Ne8 23. Rd2 Rf7 24. Bh5 Rg7 25. Be3 Kh8 26. Bh6 Rg8 27. Qe2 Qc7 28.
Qe3 Ng7 29. Bd1 b5 30. Bg5 bxc4 31. bxc4 Qa7 32. Rd4 Rgf8 33. Bf6 Kg8 34. Bf3
Bxf3 35. Rxf3 Rf7 36. Qf2 Rb8 37. Rb3 Rxb3 38. axb3 Ne8 39. Rg4+ fxg4 40. Qxa7
1-0

[Event "European Team-ch 2007 Femenino"]
[Site "Creta GRE"]
[Date "2007.11.06"]
[Round "9.12"]
[White "Markantonaki, Haritomeni"]
[Black "Seps, Monika"]
[Result "0-1"]
[WhiteElo "2161"]
[BlackElo "2290"]
[PlyCount "112"]
[EventDate "2007.10.28"]
[EventType "team"]
[EventRounds "9"]
[EventCountry "GRE"]
[Source "lmi"]
[SourceDate "2007.10.28"]
[WhiteTeam "GRE2"]
[BlackTeam "Switzerland"]
[BlackTeamCountry "SUI"]

1. e4 c5 2. Nf3 d6 3. d4 cxd4 4. Nxd4 Nf6 5. Nc3 a6 6. Bc4 e6 7. Bb3 Nbd7 8.
Bg5 Qa5 9. Qd2 Be7 10. O-O O-O 11. f4 h6 12. Bxf6 Bxf6 13. Kh1 Nc5 14. Rae1
Nxb3 15. axb3 Rd8 16. f5 e5 17. Ra1 Qc5 18. Nf3 Be7 19. Nd5 Bf8 20. b4 Qc4 21.
Nb6 Qc6 22. Nxa8 Bd7 23. b5 Qxe4 24. Nc7 Rc8 25. bxa6 bxa6 26. Nxa6 Rxc2 27.
Qe1 Qb7 28. Rf2 Rc4 29. b3 Re4 30. Qc3 Rf4 31. Rc2 Bxf5 32. Rcc1 Be4 33. Rf1
Bc6 34. Nc7 g5 35. Rac1 Be4 36. Qe3 d5 37. Nd2 Bxg2+ 38. Kxg2 d4+ 39. Qf3 Rxf3
40. Nxf3 g4 41. Ne8 Be7 42. Rc7 gxf3+ 43. Rxf3 Qb4 44. Rg3+ Kf8 45. Ng7 Bd8 46.
Rd7 Qb6 47. Kh3 Bg5 48. Rf3 Kxg7 49. Rfxf7+ Kg6 50. Kg3 Qxb3+ 51. Rf3 Qe6 52.
Ra7 e4 53. Rfa3 Qe5+ 54. Kg2 e3 55. R7a6+ Kh5 56. R3a5 Qe4+ 0-1

[Event "European Team-ch 2007 Femenino"]
[Site "Creta GRE"]
[Date "2007.11.06"]
[Round "9.12"]
[White "Pavlidou, Ekaterini"]
[Black "Lematschko, Tatjana"]
[Result "0-1"]
[WhiteElo "2003"]
[BlackElo "2189"]
[PlyCount "104"]
[EventDate "2007.10.28"]
[EventType "team"]
[EventRounds "9"]
[EventCountry "GRE"]
[Source "lmi"]
[SourceDate "2007.10.28"]
[WhiteTeam "GRE2"]
[BlackTeam "Switzerland"]
[BlackTeamCountry "SUI"]

1. d4 Nf6 2. c4 e6 3. Nc3 c5 4. d5 exd5 5. cxd5 Bd6 6. g3 Be5 7. Bg2 d6 8. e4
O-O 9. Nge2 Ne8 10. f4 Bf6 11. h3 Nd7 12. O-O g6 13. Be3 Rb8 14. a4 b6 15. Qd2
a6 16. Rab1 a5 17. g4 Ba6 18. g5 Bg7 19. Nb5 Bxb5 20. axb5 Nc7 21. Nc3 h6 22.
gxh6 Bxh6 23. f5 Bxe3+ 24. Qxe3 Kg7 25. e5 dxe5 26. d6 Ne8 27. Nd5 Qh4 28. fxg6
Qd4 29. gxf7 Rxf7 30. Kh1 Rxf1+ 31. Rxf1 Qxe3 32. Nxe3 Nef6 33. Bc6 Rh8 34. Kg2
Kg6 35. Bxd7 Nxd7 36. Nd5 Kg7 37. Kg3 Rh6 38. Ne7 Rf6 39. Rxf6 Kxf6 40. Kg4 Ke6
41. Nf5 c4 42. h4 c3 43. bxc3 a4 44. h5 a3 45. Ne3 a2 46. Nc2 Nf6+ 47. Kg5 Nxh5
48. Kxh5 Kxd6 49. Kg4 Kc5 50. Kf3 Kc4 51. Ke2 Kxc3 52. Kd1 e4 0-1

[Event "European Team-ch 2007 Femenino"]
[Site "Creta GRE"]
[Date "2007.11.06"]
[Round "9.14"]
[White "Fomina, Tatyana"]
[Black "Andersson, Christin"]
[Result "1-0"]
[WhiteElo "2248"]
[BlackElo "2209"]
[PlyCount "79"]
[EventDate "2007.10.28"]
[EventType "team"]
[EventRounds "9"]
[EventCountry "GRE"]
[Source "lmi"]
[SourceDate "2007.10.28"]
[WhiteTeam "Estonia"]
[BlackTeam "Sweden"]
[WhiteTeamCountry "EST"]
[BlackTeamCountry "SWE"]

1. d4 d5 2. Nc3 Nf6 3. Bg5 Nbd7 4. Nf3 e6 5. e3 c5 6. Bb5 Be7 7. O-O O-O 8.
Bxd7 Bxd7 9. Ne5 b6 10. f4 Ne8 11. Bxe7 Qxe7 12. f5 Bc8 13. Qh5 Nf6 14. Qf3
cxd4 15. exd4 Qb4 16. Rad1 Qxb2 17. g4 exf5 18. gxf5 Bxf5 19. Rb1 Qxc2 20. Rbc1
Qd2 21. Qxf5 Qxd4+ 22. Kh1 Rfe8 23. Nf3 Qg4 24. Qxg4 Nxg4 25. Nxd5 Re2 26. Kg1
Rd8 27. Rc7 g6 28. Ne7+ Kf8 29. Nc6 Rc2 30. Ng5 Kg8 31. Ne7+ Kg7 32. Rxc2 Ne3
33. Rc8 Rd2 34. Re1 Nc2 35. Nf3 Rd3 36. Rxc2 Rxf3 37. Rc7 Ra3 38. Re2 h5 39.
Nc8 Ra5 40. Nd6 1-0

[Event "European Team-ch 2007 Femenino"]
[Site "Creta GRE"]
[Date "2007.11.06"]
[Round "9.14"]
[White "Johansson, Viktoria"]
[Black "Narva, Regina"]
[Result "1-0"]
[WhiteElo "2203"]
[BlackElo "2067"]
[PlyCount "113"]
[EventDate "2007.10.28"]
[EventType "team"]
[EventRounds "9"]
[EventCountry "GRE"]
[Source "lmi"]
[SourceDate "2007.10.28"]
[WhiteTeam "Sweden"]
[BlackTeam "Estonia"]
[WhiteTeamCountry "SWE"]
[BlackTeamCountry "EST"]

1. d4 c5 2. d5 d6 3. c4 Nf6 4. Nc3 g6 5. e4 Bg7 6. f4 O-O 7. Nf3 a6 8. a4 b6 9.
Be2 Ra7 10. O-O e6 11. h3 exd5 12. cxd5 Re7 13. e5 Ne8 14. Bc4 Qc7 15. e6 fxe6
16. dxe6 Bxc3 17. bxc3 Ng7 18. Ng5 Nc6 19. Ra2 Nd8 20. Rd2 h6 21. Nf7 Bxe6 22.
Nxh6+ Kh7 23. Bxe6 Ndxe6 24. f5 gxf5 25. Rd5 f4 26. Ng4 Rd7 27. Qd3+ Kh8 28. c4
Nd4 29. Rxf4 Rdf7 30. Rxf7 Qxf7 31. Rxd6 Ngf5 32. Rf6 Qe7 33. Rxf8+ Qxf8 34.
Bf4 Kg8 35. Be5 Qd8 36. Qe4 Kf7 37. Kh2 Qe7 38. Qf4 Kg6 39. Bxd4 cxd4 40. Ne5+
Kf6 41. Nf3 Qd6 42. Qxd6+ Nxd6 43. Nxd4 Nxc4 44. g4 a5 45. Nb5 Nb2 46. Nc3 Ke5
47. g5 Kd4 48. g6 Kxc3 49. g7 Nxa4 50. g8=Q b5 51. Qa2 Kb4 52. h4 Nc3 53. Qb2+
Kc4 54. h5 b4 55. h6 a4 56. h7 a3 57. Qa1 1-0

[Event "European Team-ch 2007 Femenino"]
[Site "Creta GRE"]
[Date "2007.11.06"]
[Round "9.14"]
[White "Bashkite, Viktoria"]
[Black "Jiretorn, Eva"]
[Result "1-0"]
[WhiteElo "2188"]
[BlackElo "2121"]
[PlyCount "133"]
[EventDate "2007.10.28"]
[EventType "team"]
[EventRounds "9"]
[EventCountry "GRE"]
[Source "lmi"]
[SourceDate "2007.10.28"]
[WhiteTeam "Estonia"]
[BlackTeam "Sweden"]
[WhiteTeamCountry "EST"]
[BlackTeamCountry "SWE"]

1. c4 c5 2. Nf3 Nc6 3. d4 cxd4 4. Nxd4 g6 5. Nc3 Nf6 6. e4 Nxd4 7. Qxd4 Bg7 8.
Be2 O-O 9. Qd3 d6 10. O-O Be6 11. Be3 Nd7 12. Qd2 Rc8 13. b3 Kh8 14. Rac1 a5
15. f4 f5 16. exf5 gxf5 17. Bf3 Nc5 18. Rfe1 Bd7 19. Bd4 Rf7 20. Bh5 Bxd4+ 21.
Qxd4+ Rg7 22. Re3 Ne6 23. Rxe6 Bxe6 24. Re1 Qg8 25. Bf3 Rc7 26. Ne2 Bf7 27. Ng3
Qc8 28. Bh5 Bg6 29. Bf3 Rd7 30. Bd5 Qc5 31. Qxc5 dxc5 32. Re5 Rxd5 33. Rxd5 b6
34. Nxf5 Bxf5 35. Rxf5 Kg8 36. Kf2 h6 37. Kf3 Rg6 38. g4 e6 39. Re5 Kf7 40. Re3
Rg8 41. Rd3 Ke7 42. h4 h5 43. g5 Rf8 44. Ke4 Rf7 45. a4 Rf5 46. Rg3 Kf7 47. Rg2
Kf8 48. g6 Kg7 49. Rg5 Rf8 50. Ke5 Re8 51. Kd6 Rf8 52. Ke5 Re8 53. Rxh5 Kxg6
54. Rg5+ Kf7 55. h5 Rh8 56. Kd6 Rd8+ 57. Kc7 Rd4 58. h6 Rxf4 59. Rh5 Kg8 60.
Kxb6 Rf3 61. Kxc5 Rxb3 62. Kd6 Rb4 63. c5 Rxa4 64. c6 Rd4+ 65. Kc5 Rd1 66. c7
Kh7 67. Rh4 1-0